[Event "VIII Floripa Chess Open 2022 - LIRA - m"]
[Site "Lira Tênis Clube - Florianó"]
[Date "2022.01.24"]
[Round "1.90"]
[White "Mariani, Daniel Brandao"]
[Black "Brand, Leticia Soethe"]
[Result "0-1"]
[WhiteElo "2047"]
[BlackElo "1471"]
[PlyCount "118"]
[EventDate "2022.01.24"]
[EventRounds "10"]
[EventCountry "BRA"]

1. d4 d5 2. c4 e6 3. Nc3 Be7 4. cxd5 exd5 5. Bf4 c6 6. e3 Nf6 7. Bd3 O-O 8. Qc2
Re8 9. Nf3 Nbd7 10. O-O Nb6 11. Rab1 Nc4 12. Bxc4 dxc4 13. Ne5 Nd5 14. Bg3 Nb6
15. Ne2 g6 16. Rbd1 a5 17. a3 Bf8 18. Nxc4 Nxc4 19. Qxc4 Be6 20. Qc3 a4 21. Nf4
Bb3 22. Rd2 h5 23. h3 h4 24. Bh2 Qg5 25. Re1 Rac8 26. Qd3 b5 27. Rc1 Red8 28.
Qc3 c5 29. d5 b4 30. axb4 Bg7 31. Qd3 cxb4 32. Rxc8 Rxc8 33. Kh1 Rc1+ 34. Bg1
Bc4 35. Qe4 a3 36. bxa3 bxa3 37. Qe8+ Kh7 38. Qa4 Bc3 39. Qxc4 Bxd2 40. Qa2 Qf5
41. Qxa3 g5 42. Qd3 Qxd3 43. Nxd3 Rd1 44. Ne5 Kg7 45. e4 Be1 46. Kh2 f6 47. Nf3
Bb4 48. g3 Bd6 49. Kg2 hxg3 50. fxg3 Rd3 51. Bf2 Kg6 52. Ne1 Rb3 53. h4 g4 54.
Kh2 f5 55. exf5+ Kxf5 56. Ng2 Ke4 57. Kg1 Bxg3 58. Bxg3 Rxg3 59. d6 Kf3 0-1

[Event "VIII Floripa Chess Open 2022 - LIRA - m"]
[Site "Lira Tênis Clube - Florianó"]
[Date "2022.01.24"]
[Round "1.91"]
[White "Do Amaral E Silva, Larissa Blue"]
[Black "Lutz, Igor Oscar"]
[Result "0-1"]
[WhiteElo "1469"]
[BlackElo "2044"]
[PlyCount "68"]
[EventDate "2022.01.24"]
[EventRounds "10"]
[EventCountry "BRA"]

1. e4 c5 2. f4 Nc6 3. Bc4 e6 4. Nc3 d6 5. Nf3 Nge7 6. O-O g6 7. d3 Bg7 8. Qe1
Nd4 9. Nxd4 cxd4 10. Ne2 O-O 11. Qg3 d5 12. Bb3 dxe4 13. dxe4 b5 14. Kh1 Bb7
15. Qd3 Qb6 16. Ng3 Qc6 17. Rf2 a5 18. a4 Ba6 19. Qf3 Rac8 20. axb5 Bxb5 21.
Rxa5 d3 22. c3 Qb6 23. Ra1 Ba6 24. Ba2 Qa5 25. Bd2 Bc4 26. b4 Qa3 27. Bxc4
Qxa1+ 28. Rf1 Qb2 29. Qe3 Bxc3 30. Bxc3 Qxc3 31. Rc1 Qxb4 32. Bxd3 Qb3 33. h4
Rxc1+ 34. Qxc1 Qxd3 0-1

[Event "VIII Floripa Chess Open 2022 - LIRA - m"]
[Site "Lira Tênis Clube - Florianó"]
[Date "2022.01.24"]
[Round "1.93"]
[White "Andersson, Cristian De Oliveir"]
[Black "Acosta, Pablo Alejandro"]
[Result "0-1"]
[WhiteElo "1464"]
[BlackElo "2042"]
[PlyCount "50"]
[EventDate "2022.01.24"]
[EventRounds "10"]
[EventCountry "BRA"]

1. c4 e6 2. Nc3 d5 3. cxd5 exd5 4. d4 c6 5. Nf3 Nf6 6. Bg5 Be7 7. e3 O-O 8. Bd3
Re8 9. Qc2 Nbd7 10. O-O Nf8 11. Rab1 Ng6 12. b4 a6 13. a4 Bd6 14. e4 dxe4 15.
Nxe4 Be7 16. Rfe1 Nd5 17. Bxe7 Rxe7 18. Nc3 Ndf4 19. Bc4 Bg4 20. Rxe7 Qxe7 21.
Nd2 Re8 22. f3 Qe3+ 23. Kf1 Nh3 24. Nde4 Qg1+ 25. Ke2 Qxg2+ 0-1

[Event "VIII Floripa Chess Open 2022 - LIRA - m"]
[Site "Lira Tênis Clube - Florianó"]
[Date "2022.01.24"]
[Round "1.94"]
[White "Machado, Hualason Jose Soare"]
[Black "De Ramos, Mitzi Vedan"]
[Result "1-0"]
[WhiteElo "2041"]
[BlackElo "1462"]
[PlyCount "39"]
[EventDate "2022.01.24"]
[EventRounds "10"]
[EventCountry "BRA"]

1. Nf3 d5 2. g3 Nf6 3. Bg2 g6 4. c4 Bg7 5. cxd5 Nxd5 6. O-O O-O 7. d4 Nd7 8. e4
N5f6 9. Nc3 e6 10. Bg5 h6 11. Bf4 Nh5 12. Be3 c5 13. dxc5 Qe7 14. Rc1 Nxc5 15.
Nd5 exd5 16. Bxc5 Qd8 17. Bxf8 Qxf8 18. exd5 Bxb2 19. Rb1 Qg7 20. Qe2 1-0

[Event "VIII Floripa Chess Open 2022 - LIRA - m"]
[Site "Lira Tênis Clube - Florianó"]
[Date "2022.01.24"]
[Round "1.95"]
[White "Calcada, Lucas Galvan"]
[Black "Florianovitz, Derlei Alex"]
[Result "0-1"]
[WhiteElo "1460"]
[BlackElo "2040"]
[PlyCount "78"]
[EventDate "2022.01.24"]
[EventRounds "10"]
[EventCountry "BRA"]

1. Nf3 Nf6 2. c4 e6 3. g3 d5 4. b3 Be7 5. Bg2 O-O 6. O-O c6 7. Ba3 Bxa3 8. Nxa3
Nbd7 9. d4 Qe7 10. c5 a5 11. Nc2 e5 12. e3 e4 13. Nd2 Ne8 14. a3 f5 15. b4 Nc7
16. Nb1 axb4 17. axb4 Rxa1 18. Nxa1 Nb5 19. Nb3 Nb8 20. Qd2 Na6 21. f3 exf3 22.
Rxf3 Re8 23. Nc3 Nac7 24. Bf1 Nxc3 25. Qxc3 g5 26. Kf2 g4 27. Rf4 Ne6 28. Rxf5
Ng5 29. Rxg5+ Qxg5 30. Qd2 Qh6 31. Kg2 Qxe3 32. Qxe3 Rxe3 33. Nd2 Ra3 34. Kf2
Bd7 35. Be2 h5 36. Bf1 Kf7 37. Be2 Kf6 38. Bf1 Ra4 39. Ke3 Rxb4 0-1

[Event "VIII Floripa Chess Open 2022 - LIRA - m"]
[Site "Lira Tênis Clube - Florianó"]
[Date "2022.01.24"]
[Round "1.96"]
[White "De Arruda, Leandro Formes"]
[Black "Zottis, Ernani"]
[Result "1-0"]
[WhiteElo "2038"]
[BlackElo "1456"]
[PlyCount "43"]
[EventDate "2022.01.24"]
[EventRounds "10"]
[EventCountry "BRA"]

1. d4 d5 2. Nf3 e6 3. e3 Nf6 4. Bd3 Be7 5. Nbd2 c5 6. c3 c4 7. Bc2 O-O 8. Ne5
Nbd7 9. f4 h6 10. O-O b5 11. b3 Nb6 12. a4 Ba6 13. Nc6 Qc7 14. Nxe7+ Qxe7 15.
Ba3 Qc7 16. Bxf8 Rxf8 17. b4 Qd7 18. Nf3 Ne4 19. Bxe4 dxe4 20. Ne5 Qe8 21. axb5
Qxb5 22. Ra5 1-0

[Event "VIII Floripa Chess Open 2022 - LIRA - m"]
[Site "Lira Tênis Clube - Florianó"]
[Date "2022.01.24"]
[Round "1.97"]
[White "Blanco, Gustavo Jose Bachur"]
[Black "Lima, Kleyton Alcantara"]
[Result "0-1"]
[WhiteElo "1448"]
[BlackElo "2033"]
[PlyCount "28"]
[EventDate "2022.01.24"]
[EventRounds "10"]
[EventCountry "BRA"]

1. e4 c5 2. Nf3 e6 3. d4 cxd4 4. Nxd4 Nf6 5. Nc3 Nc6 6. Be3 Bb4 7. Ndb5 Nxe4 8.
Qg4 Nxc3 9. bxc3 Qf6 10. Nc7+ Kf8 11. O-O-O Qxc3 12. Bd4 Nxd4 13. Qxd4 Ba3+ 14.
Kb1 Qxc7 0-1

[Event "VIII Floripa Chess Open 2022 - LIRA - m"]
[Site "Lira Tênis Clube - Florianó"]
[Date "2022.01.24"]
[Round "1.98"]
[White "Campos, Alexandre Ferreira"]
[Black "Generoso, Vitor Manoel Da Sil"]
[Result "1-0"]
[WhiteElo "2032"]
[BlackElo "1446"]
[PlyCount "31"]
[EventDate "2022.01.24"]
[EventRounds "10"]
[EventCountry "BRA"]

1. e4 e5 2. Nf3 Nc6 3. Bb5 a6 4. Ba4 Nf6 5. O-O b5 6. Bb3 Bc5 7. Nxe5 Nxe5 8.
d4 Bxd4 9. Qxd4 Nc6 10. Qd3 O-O 11. Bg5 h6 12. Bh4 Ne5 13. Qg3 Re8 14. Nc3 Bb7
15. f4 Ng6 16. Qxg6 1-0

[Event "VIII Floripa Chess Open 2022 - LIRA - m"]
[Site "Lira Tênis Clube - Florianó"]
[Date "2022.01.24"]
[Round "1.99"]
[White "Rodrigues Mota, Romulo Cardoso S"]
[Black "Casalaspro, Mathias Andre"]
[Result "1-0"]
[WhiteElo "2031"]
[BlackElo "1436"]
[PlyCount "50"]
[EventDate "2022.01.24"]
[EventRounds "10"]
[EventCountry "BRA"]

1. e4 c6 2. d4 d5 3. Nc3 dxe4 4. Nxe4 Nf6 5. Ng3 h5 6. h4 Bg4 7. Be2 e6 8. Bg5
Be7 9. Bxf6 Bxf6 10. c3 Bxe2 11. Qxe2 Bxh4 12. Nxh5 g6 13. Ng3 Nd7 14. Nf3 Bf6
15. Rxh8+ Bxh8 16. Ne5 Qe7 17. Qe3 O-O-O 18. Nc4 f5 19. Nd2 e5 20. f4 Bf6 21.
Nf3 e4 22. Ng5 Bxg5 23. fxg5 Nb6 24. O-O-O Qf7 25. Kb1 Re8 1-0

[Event "VIII Floripa Chess Open 2022 - LIRA - m"]
[Site "Lira Tênis Clube - Florianó"]
[Date "2022.01.24"]
[Round "1.100"]
[White "Campagnolo, Bruna"]
[Black "Oliveira, Tiago Batista"]
[Result "0-1"]
[WhiteElo "1433"]
[BlackElo "2025"]
[PlyCount "38"]
[EventDate "2022.01.24"]
[EventRounds "10"]
[EventCountry "BRA"]

1. d4 Nf6 2. e3 d5 3. Bd3 Bg4 4. Ne2 c5 5. c3 Nc6 6. O-O e6 7. Nd2 Bd6 8. f3
Bh5 9. Qe1 Qc7 10. f4 Bg6 11. Bxg6 hxg6 12. Nf3 O-O-O 13. Rb1 Ne4 14. Ne5 g5
15. Ng3 Nxg3 16. Qxg3 f6 17. dxc5 Bxe5 18. fxe5 Nxe5 19. b4 Rh5 0-1

[Event "VIII Floripa Chess Open 2022 - LIRA - m"]
[Site "Lira Tênis Clube - Florianó"]
[Date "2022.01.24"]
[Round "1.101"]
[White "Boff, Lucas Strauss"]
[Black "Koinski, Carlos Cesar"]
[Result "1-0"]
[WhiteElo "2023"]
[BlackElo "1431"]
[PlyCount "82"]
[EventDate "2022.01.24"]
[EventRounds "10"]
[EventCountry "BRA"]

1. Nf3 d5 2. c4 c6 3. e3 Nf6 4. Nc3 Bg4 5. cxd5 cxd5 6. Qb3 Qb6 7. Nxd5 Qxb3 8.
Nxf6+ exf6 9. axb3 Bd7 10. d4 Bc6 11. Be2 Bb4+ 12. Bd2 Bd6 13. Bc3 O-O 14. O-O
Nd7 15. Nd2 Nb6 16. Nc4 Bc7 17. Ba5 Rfe8 18. Nxb6 axb6 19. Bc3 f5 20. Bd3 g6
21. Rxa8 Rxa8 22. Rd1 h5 23. f3 Re8 24. Re1 Bd6 25. e4 fxe4 26. fxe4 Bc7 27. d5
Bd7 28. e5 b5 29. e6 Bb6+ 30. Kh1 fxe6 31. Bxg6 Rf8 32. dxe6 Bxe6 33. Bxh5 Bd7
34. Bf3 Bc6 35. Bxc6 bxc6 36. g3 Rc8 37. Re7 Bc5 38. Rg7+ Kf8 39. Rh7 Re8 40.
Rh8+ Kf7 41. Rxe8 Kxe8 1-0

[Event "VIII Floripa Chess Open 2022 - LIRA - m"]
[Site "Lira Tênis Clube - Florianó"]
[Date "2022.01.24"]
[Round "1.102"]
[White "De Sousa, Elizeu Santiago Tav"]
[Black "Cordero, Daniela"]
[Result "0-1"]
[WhiteElo "1428"]
[BlackElo "2011"]
[PlyCount "54"]
[EventDate "2022.01.24"]
[EventRounds "10"]
[EventCountry "BRA"]

1. e4 e6 2. d4 d5 3. e5 c5 4. c3 Nc6 5. Nf3 Nge7 6. Na3 a6 7. Nc2 cxd4 8. cxd4
Nf5 9. Bd3 Qa5+ 10. Bd2 Qb6 11. Bxf5 exf5 12. Rb1 a5 13. O-O h6 14. Ne3 Be6 15.
Bc3 f4 16. Nc2 Be7 17. Bd2 g5 18. h3 h5 19. Bc3 g4 20. hxg4 hxg4 21. Nh2 f3 22.
gxf3 gxf3 23. Qxf3 O-O-O 24. Kh1 Rh3 25. Qg2 Rdh8 26. f4 Bf5 27. Rf2 Be4 0-1

[Event "VIII Floripa Chess Open 2022 - LIRA - m"]
[Site "Lira Tênis Clube - Florianó"]
[Date "2022.01.24"]
[Round "1.103"]
[White "Cesarini Da Silva, Leonardo"]
[Black "Costa Neto, Luis Antonio"]
[Result "1-0"]
[WhiteElo "2011"]
[BlackElo "1422"]
[PlyCount "69"]
[EventDate "2022.01.24"]
[EventRounds "10"]
[EventCountry "BRA"]

1. d4 e6 2. c4 d5 3. Nc3 Nf6 4. cxd5 Nxd5 5. e4 Nf6 6. Bg5 Be7 7. Nf3 O-O 8.
Bc4 a6 9. a4 Nc6 10. O-O b6 11. Rc1 Bb7 12. d5 exd5 13. Nxd5 Nxd5 14. Bxd5 Bxg5
15. Nxg5 Qxg5 16. Bxc6 Bxc6 17. Rxc6 Qe5 18. Qc2 Rfe8 19. f3 Re7 20. Rd1 Rae8
21. Rd5 Qf4 22. Qd2 Qh4 23. g3 Qh3 24. Rd8 Kf8 25. a5 Qh5 26. axb6 cxb6 27. Qd6
Rxd8 28. Qxd8+ Re8 29. Qd6+ Kg8 30. Qd7 Kf8 31. Qd6+ Kg8 32. Qe7 f6 33. Qd7 Kh8
34. Rc8 Rg8 35. Qe6 1-0

[Event "VIII Floripa Chess Open 2022 - LIRA - m"]
[Site "Lira Tênis Clube - Florianó"]
[Date "2022.01.24"]
[Round "1.104"]
[White "Da Silva, Joao Fernandes"]
[Black "Peroza, Eduardo Antunes"]
[Result "0-1"]
[WhiteElo "1414"]
[BlackElo "2009"]
[PlyCount "54"]
[EventDate "2022.01.24"]
[EventRounds "10"]
[EventCountry "BRA"]

1. e4 c5 2. Nf3 e6 3. d3 Nc6 4. g3 d5 5. Qe2 Nge7 6. Bg2 d4 7. e5 Ng6 8. O-O
Be7 9. h4 Qc7 10. Re1 Bd8 11. Nbd2 O-O 12. Nf1 f6 13. h5 Ngxe5 14. Nxe5 Qxe5
15. Bxc6 Qxe2 16. Rxe2 bxc6 17. f4 g6 18. hxg6 hxg6 19. Bd2 Rb8 20. Rb1 Rf7 21.
c3 Bc7 22. Nh2 e5 23. Ng4 Bxg4 24. Ree1 Bf5 25. cxd4 Bxd3 26. Ra1 c4 27. Kf2
Rxb2 0-1

[Event "VIII Floripa Chess Open 2022 - LIRA - m"]
[Site "Lira Tênis Clube - Florianó"]
[Date "2022.01.24"]
[Round "1.105"]
[White "Tomiello, Mateus Costamilan"]
[Black "Marocco, Gabriel Leao Quadro"]
[Result "1-0"]
[WhiteElo "2004"]
[BlackElo "1410"]
[PlyCount "33"]
[EventDate "2022.01.24"]
[EventRounds "10"]
[EventCountry "BRA"]

1. d4 Nf6 2. c4 g6 3. Nc3 d5 4. Bf4 Bg7 5. e3 c6 6. Nf3 O-O 7. Rc1 Nbd7 8. Be2
Nh5 9. Bg5 Nhf6 10. cxd5 Nxd5 11. Nxd5 cxd5 12. O-O Nf6 13. Qb3 h6 14. Ne5 Bd7
15. Bf3 Ne4 16. Bxe4 dxe4 17. Nc6 1-0

[Event "VIII Floripa Chess Open 2022 - LIRA - m"]
[Site "Lira Tênis Clube - Florianó"]
[Date "2022.01.24"]
[Round "1.106"]
[White "Rodrigues Mota, Sophia Lorena"]
[Black "Fischer, Ivo Lucio"]
[Result "0-1"]
[WhiteElo "1408"]
[BlackElo "2004"]
[PlyCount "53"]
[EventDate "2022.01.24"]
[EventRounds "10"]
[EventCountry "BRA"]

1. e4 c5 2. Nf3 e6 3. d4 cxd4 4. Nxd4 a6 5. Be3 Nf6 6. Nc3 Qc7 7. a3 Be7 8. Be2
O-O 9. O-O d6 10. h3 Nbd7 11. Nb3 b5 12. Bf4 Bb7 13. Bd3 Ne5 14. Bxe5 dxe5 15.
Qe2 Rfd8 16. Rfd1 Rd7 17. Rd2 Rad8 18. Rad1 Ne8 19. a4 Bg5 20. axb5 axb5 21.
Bxb5 Rxd2 22. Nxd2 Nd6 23. Nf3 h6 24. Ba6 Bxa6 25. Qxa6 Qb7 26. Nxe5 Qxb2 27.
Qa7 0-1

[Event "VIII Floripa Chess Open 2022 - LIRA - m"]
[Site "Lira Tênis Clube - Florianó"]
[Date "2022.01.24"]
[Round "1.107"]
[White "Araujo, Everson De Moura"]
[Black "Pasqualotto, Amos Petronio"]
[Result "1-0"]
[WhiteElo "2003"]
[BlackElo "1401"]
[PlyCount "47"]
[EventDate "2022.01.24"]
[EventRounds "10"]
[EventCountry "BRA"]

1. Nf3 Nf6 2. g3 g6 3. Bg2 Bg7 4. O-O O-O 5. c4 d6 6. Nc3 c5 7. Rb1 a5 8. a3
Na6 9. Ne1 Rb8 10. Nc2 Bd7 11. b4 Bc6 12. e4 axb4 13. axb4 cxb4 14. Nxb4 Nxb4
15. Rxb4 Nd7 16. d4 Nf6 17. Qb3 Ne8 18. Be3 Qc8 19. Nd5 Bxd5 20. exd5 Bf6 21.
c5 Ng7 22. Rc1 Qd8 23. Rxb7 Nf5 24. c6 1-0

[Event "VIII Floripa Chess Open 2022 - LIRA - m"]
[Site "Lira Tênis Clube - Florianó"]
[Date "2022.01.24"]
[Round "1.108"]
[White "De Lima, Lucas Taveira"]
[Black "Jimenez Capilla, Jose Alfonso"]
[Result "0-1"]
[WhiteElo "1397"]
[BlackElo "2002"]
[PlyCount "56"]
[EventDate "2022.01.24"]
[EventRounds "10"]
[EventCountry "BRA"]

1. c4 e5 2. Nc3 d6 3. e4 f5 4. d3 Nf6 5. g3 Be7 6. Bg2 c6 7. Nge2 O-O 8. O-O
Qe8 9. Qb3 Kh8 10. exf5 Na6 11. d4 Qh5 12. h3 Qxf5 13. Be3 Qh5 14. f3 exd4 15.
Nf4 Qg5 16. Bxd4 Qxg3 17. Nce2 Qg5 18. Qe3 Ng8 19. Ne6 Qxe3+ 20. Bxe3 Bxe6 21.
Nd4 Bxc4 22. Rfe1 c5 23. Nc2 Bd5 24. Rf1 Bc6 25. a3 d5 26. Rae1 Bh4 27. Bf2 Bf6
28. Bg3 Rae8 0-1

[Event "VIII Floripa Chess Open 2022 - LIRA - m"]
[Site "Lira Tênis Clube - Florianó"]
[Date "2022.01.24"]
[Round "1.111"]
[White "Fernandini, Felipe Piacente"]
[Black "Araujo, Renan Aparecido"]
[Result "0-1"]
[WhiteElo "1385"]
[BlackElo "1986"]
[PlyCount "76"]
[EventDate "2022.01.24"]
[EventRounds "10"]
[EventCountry "BRA"]

1. e4 c5 2. Nf3 d6 3. d4 cxd4 4. Nxd4 Nf6 5. Nc3 a6 6. f3 e5 7. Nb3 Be6 8. Be3
h5 9. Qd2 Nbd7 10. O-O-O Rc8 11. Be2 Qc7 12. Kb1 b5 13. f4 b4 14. Nd5 Nxd5 15.
exd5 Bf5 16. Rc1 a5 17. Bb5 Be7 18. fxe5 dxe5 19. Qf2 Rb8 20. Ba4 Bg6 21. Nc5
Bxc5 22. Bxc5 Kd8 23. Be3 Qd6 24. Bxd7 Kxd7 25. Bc5 Qc7 26. d6 Qc6 27. Rhd1 b3
28. axb3 Rxb3 29. Ka2 Rb5 30. Ba3 Rhb8 31. c4 Rb3 32. Rd5 Qa4 33. Rb5 R3xb5 34.
cxb5 Qxb5 35. Rc7+ Kd8 36. Rc5 Qb3+ 37. Ka1 Qd1+ 38. Ka2 Qb1# 0-1

[Event "VIII Floripa Chess Open 2022 - LIRA - m"]
[Site "Lira Tênis Clube - Florianó"]
[Date "2022.01.24"]
[Round "1.112"]
[White "Reichert, Thiago Da Cruz"]
[Black "Pimentel, Lucas Dos Santos"]
[Result "1-0"]
[WhiteElo "1986"]
[BlackElo "1365"]
[PlyCount "119"]
[EventDate "2022.01.24"]
[EventRounds "10"]
[EventCountry "BRA"]

1. d4 Nf6 2. c4 g6 3. Nc3 Bg7 4. e4 d6 5. f3 O-O 6. Be3 e5 7. Nge2 Nbd7 8. d5
a5 9. Qd2 Nc5 10. Nc1 Ne8 11. Nb3 Nd7 12. h4 f5 13. g3 Qf6 14. Bg5 Qf7 15. Bh3
a4 16. Nc1 Nc5 17. Rf1 f4 18. Bxc8 Rxc8 19. h5 gxh5 20. gxf4 exf4 21. N1e2 Be5
22. O-O-O Kh8 23. Rh1 Ng7 24. Rh4 Bf6 25. Bxf6 Qxf6 26. Rxf4 Qe7 27. Rxf8+ Rxf8
28. Nd4 Qe5 29. Nce2 Qh2 30. Qe3 Qe5 31. Rg1 h4 32. Rh1 Qh5 33. Kb1 Re8 34. Qf4
Nd3 35. Qf6 h3 36. Ne6 Qe5 37. Qxg7+ Qxg7 38. Nxg7 Kxg7 39. Rxh3 Ne5 40. b3
axb3 41. axb3 Nd3 42. Nd4 Nf4 43. Rh4 Ng6 44. Rh5 Re5 45. Rh1 Nf4 46. Nf5+ Kh8
47. Kc2 h5 48. Rh4 Ng6 49. Rxh5+ Kg8 50. Rg5 Kf7 51. Kc3 Kf6 52. Rh5 Ne7 53.
Rh7 Nxf5 54. exf5 Rxf5 55. Rxc7 Rxf3+ 56. Kb4 Ke5 57. Re7+ Kd4 58. Rd7 Ke5 59.
Re7+ Kd4 60. Re6 1-0

[Event "VIII Floripa Chess Open 2022 - LIRA - m"]
[Site "Lira Tênis Clube - Florianó"]
[Date "2022.01.24"]
[Round "1.113"]
[White "Cantarino Neto, Mario Ribeiro"]
[Black "Bokhonok, Tatiana Dos Santos "]
[Result "1-0"]
[WhiteElo "1984"]
[BlackElo "1359"]
[PlyCount "94"]
[EventDate "2022.01.24"]
[EventRounds "10"]
[EventCountry "BRA"]

1. d4 e6 2. c4 f5 3. g3 Nf6 4. Nc3 d5 5. Nf3 c6 6. cxd5 exd5 7. Bg2 Bd6 8. O-O
O-O 9. Ne1 Nbd7 10. Nd3 Ne4 11. Bf4 Bxf4 12. Nxf4 Qf6 13. e3 Qh6 14. Qh5 Qxh5
15. Nxh5 g5 16. f3 Nd2 17. Rf2 Nc4 18. Re1 Ndb6 19. b3 Nd6 20. e4 f4 21. exd5
Nxd5 22. Nxd5 cxd5 23. Re5 Rf5 24. gxf4 gxf4 25. Rxf5 Nxf5 26. Nxf4 Nxd4 27.
Nxd5 Be6 28. Nc7 Rc8 29. Nxe6 Nxe6 30. Rd2 Rc1+ 31. Kf2 Nc7 32. f4 b6 33. Be4
Ne6 34. Bd5 Kf7 35. f5 Kf6 36. fxe6 Rc5 37. Ke3 Ke7 38. Ke4 b5 39. Ke5 Rc1 40.
Rf2 Re1+ 41. Be4 h5 42. Rf7+ Ke8 43. Rxa7 Re2 44. Kd6 Rd2+ 45. Bd5 Rxd5+ 46.
Kxd5 b4 47. Kd6 Kf8 1-0

[Event "VIII Floripa Chess Open 2022 - LIRA - m"]
[Site "Lira Tênis Clube - Florianó"]
[Date "2022.01.24"]
[Round "1.114"]
[White "Almeida, Bianca Martins"]
[Black "Ferreira, Andrei Dias"]
[Result "0-1"]
[WhiteElo "1354"]
[BlackElo "1978"]
[PlyCount "39"]
[EventDate "2022.01.24"]
[EventRounds "10"]
[EventCountry "BRA"]

1. e4 c5 2. Nf3 e6 3. d4 cxd4 4. Nxd4 Nc6 5. Nxc6 bxc6 6. Bd3 Nf6 7. O-O d5 8.
Bg5 Be7 9. Qf3 Nd7 10. Bxe7 Qxe7 11. exd5 cxd5 12. Nd2 Qf6 13. Rab1 O-O 14. a4
Qxf3 15. Nxf3 Ba6 16. Rbc1 Rac8 17. b3 Rc7 18. Rfe1 Rfc8 19. Ne5 Nxe5 20. Rxe5
0-1

[Event "VIII Floripa Chess Open 2022 - LIRA - m"]
[Site "Lira Tênis Clube - Florianó"]
[Date "2022.01.24"]
[Round "1.115"]
[White "Gazola, Vanessa Ramos"]
[Black "Da Costa, Mariana Nara Santan"]
[Result "1-0"]
[WhiteElo "1976"]
[BlackElo "1351"]
[PlyCount "81"]
[EventDate "2022.01.24"]
[EventRounds "10"]
[EventCountry "BRA"]

1. d4 d5 2. c4 c6 3. Nf3 Nf6 4. e3 Bg4 5. Qb3 Qb6 6. Ne5 Qxb3 7. axb3 e6 8.
Nxg4 Nxg4 9. Be2 Nf6 10. O-O Be7 11. c5 Nbd7 12. b4 a6 13. b5 cxb5 14. Bxb5 O-O
15. Bd3 Rfb8 16. f4 b5 17. Bd2 Ne4 18. Ba5 Ndf6 19. Na3 Bd8 20. Nc2 Bxa5 21.
Rxa5 Nd2 22. Re1 Nc4 23. Ra2 h6 24. Re2 b4 25. b3 a5 26. bxc4 b3 27. Ra1 bxc2
28. Rxc2 dxc4 29. Bxc4 Rb4 30. h3 a4 31. Kf2 Ne4+ 32. Ke2 a3 33. Kd3 Nf6 34.
Rca2 Rba4 35. g4 Kh7 36. f5 Nd5 37. Bxd5 exd5 38. Rb1 f6 39. Rb7 Rd8 40. Rb6
Rda8 41. Rd6 1-0

[Event "VIII Floripa Chess Open 2022 - LIRA - m"]
[Site "Lira Tênis Clube - Florianó"]
[Date "2022.01.24"]
[Round "1.116"]
[White "Monteiro, Helen Ramazzotte"]
[Black "Segato, Pedro Henrique Pedr"]
[Result "0-1"]
[WhiteElo "1349"]
[BlackElo "1974"]
[PlyCount "102"]
[EventDate "2022.01.24"]
[EventRounds "10"]
[EventCountry "BRA"]

1. c4 e5 2. Nc3 Nc6 3. Nf3 Nf6 4. g3 Bc5 5. Bg2 d6 6. O-O O-O 7. d3 h6 8. a3 a5
9. Rb1 Be6 10. Na4 Qd7 11. Nxc5 dxc5 12. Re1 a4 13. b3 axb3 14. Qxb3 Qd6 15.
Qc3 Bc8 16. Nd2 Re8 17. Ne4 Nxe4 18. Bxe4 b6 19. Ra1 Bb7 20. Bb2 Na5 21. Red1
Rad8 22. Qc2 Bxe4 23. dxe4 Qe6 24. Rd5 c6 25. Rxd8 Rxd8 26. Rc1 f6 27. a4 Qd7
28. Rb1 Qe6 29. Rc1 Kf7 30. Ba3 Rd4 31. Rb1 Qxc4 32. Qb2 Qxa4 33. Qxb6 Qxa3 34.
Qc7+ Kg6 35. Qc8 Rxe4 36. Qe8+ Kh7 37. Rb8 Qc1+ 38. Kg2 Qc4 39. e3 Rg4 40. h4
Qd5+ 41. Kh3 Rb4 42. Qh8+ Kg6 43. Qe8+ Kh7 44. Qh8+ Kg6 45. Qe8+ Kf5 46. Qh5+
g5 47. g4+ Ke4 48. Qg6+ Kf3 49. Qxf6+ Ke2 50. Rxb4 Qh1+ 51. Kg3 gxh4+ 0-1

[Event "VIII Floripa Chess Open 2022 - LIRA - m"]
[Site "Lira Tênis Clube - Florianó"]
[Date "2022.01.24"]
[Round "1.117"]
[White "Japiassu, Ricardo De Villa No"]
[Black "Tsuchie, Davi Pinheiro"]
[Result "1/2-1/2"]
[WhiteElo "1973"]
[BlackElo "1346"]
[PlyCount "71"]
[EventDate "2022.01.24"]
[EventRounds "10"]
[EventCountry "BRA"]

1. c4 e6 2. e4 d5 3. cxd5 exd5 4. exd5 Qxd5 5. Nc3 Qa5 6. Bc4 Nf6 7. Nf3 Be7 8.
d4 O-O 9. O-O c6 10. Re1 Bd6 11. Ne5 Nbd7 12. Bf4 Nb6 13. Qb3 Bxe5 14. Rxe5
Nbd5 15. Nxd5 cxd5 16. Bxd5 Nxd5 17. Rxd5 Qb6 18. Qxb6 axb6 19. Rd6 Be6 20. d5
Bf5 21. Rxb6 Rfd8 22. Rxb7 Rxd5 23. h3 h6 24. b3 Rda5 25. a4 R5a7 26. Rb5 Be6
27. f3 g5 28. Be3 Ra6 29. Kf2 f6 30. Rc1 Kf7 31. Rc7+ Kg6 32. Rbb7 h5 33. Rg7+
Kh6 34. g4 Rh8 35. h4 Rg8 {ilegivel} 36. b4 1/2-1/2

[Event "VIII Floripa Chess Open 2022 - LIRA - m"]
[Site "Lira Tênis Clube - Florianó"]
[Date "2022.01.24"]
[Round "1.118"]
[White "Usui, Gabriella Yumi"]
[Black "Tamarozi, Isabelle"]
[Result "0-1"]
[WhiteElo "1345"]
[BlackElo "1970"]
[PlyCount "57"]
[EventDate "2022.01.24"]
[EventRounds "10"]
[EventCountry "BRA"]

1. d4 Nf6 2. Nf3 g6 3. c4 Bg7 4. g3 O-O 5. Bg2 d6 6. O-O Nc6 7. Nc3 e5 8. d5
Nb8 9. e4 a5 10. b3 Na6 11. Be3 Bd7 12. Qe2 b6 13. h3 h6 14. Ne1 Re8 15. a3 Nc5
16. Rb1 a4 17. b4 Nb3 18. Qc2 Nh5 19. Nd3 f5 20. Kh2 f4 21. gxf4 exf4 22. Nxf4
Be5 23. Nce2 Qf6 24. Kh1 Nxf4 25. Nxf4 Bxf4 26. Bxf4 Qxf4 27. Rbd1 Rxe4 28. Rd3
Rf8 29. Rg3 0-1

[Event "VIII Floripa Chess Open 2022 - LIRA - m"]
[Site "Lira Tênis Clube - Florianó"]
[Date "2022.01.24"]
[Round "1.119"]
[White "Valim, Luiz Claudio"]
[Black "Marcolino, Alex Vitor De Maman"]
[Result "1-0"]
[WhiteElo "1970"]
[BlackElo "1341"]
[PlyCount "50"]
[EventDate "2022.01.24"]
[EventRounds "10"]
[EventCountry "BRA"]

1. e4 e6 2. d4 d5 3. e5 c5 4. Nf3 cxd4 5. Bd3 Nc6 6. O-O Nge7 7. Re1 Ng6 8. a3
Qc7 9. Qe2 Be7 10. g3 a5 11. h4 Nf8 12. Bf4 Nd7 13. Nbd2 Qb6 14. Kg2 a4 15.
Rab1 Ra5 16. Bg5 Nc5 17. Bxe7 Kxe7 18. Ng5 h6 19. Nh3 Bd7 20. Nf4 Rha8 21. Qg4
Nxd3 22. cxd3 Rg8 23. Nf3 Rb5 24. h5 Ra5 25. Qh4+ f6 1-0

[Event "VIII Floripa Chess Open 2022 - LIRA - m"]
[Site "Lira Tênis Clube - Florianó"]
[Date "2022.01.24"]
[Round "1.120"]
[White "Cardoso, Lucas Emanuel Alves"]
[Black "Rodrigo Yanguas, Maria"]
[Result "1/2-1/2"]
[WhiteElo "1341"]
[BlackElo "1970"]
[PlyCount "39"]
[EventDate "2022.01.24"]
[EventRounds "10"]
[EventCountry "BRA"]

1. e4 Nf6 2. e5 Nd5 3. d4 d6 4. c4 Nb6 5. exd6 cxd6 6. Nf3 g6 7. Be2 Bg7 8. O-O
O-O 9. h3 Bf5 10. Nc3 Nc6 11. Be3 d5 12. c5 Nc8 13. Nh4 Bd7 14. Nf3 e6 15. Qd2
b6 16. Bh6 bxc5 17. Bxg7 Kxg7 18. dxc5 Qa5 19. Nh2 e5 20. Qxd5 {ilegivel}
1/2-1/2